000 01735nam2a2200313 i 4500
001 RU\NLR\BIBL_A\011092233
005 20241225193039.0
010 _a9785990433472
_91000
021 _aRU
_b2016-19021
_91222
035 _a(NLR Aleph) 011092233
090 _a11374398
_c11374398
100 _a20160331d2016 k y0rusy50 ca
101 0 _arus
_aeng
102 _aRU
105 _ay z 000yy
200 0 _aВып. 5
_fпод ред. к.ю.н. А. Е. Молотникова
210 _aМосква
_cСтартап
_d2016
215 _a175, [1] с.
300 _aОбщ. загл. вып. 5: Право и экономика в современном мире (Актуальные проблемы предпринимательского права)
300 _aЧасть текста на англ. яз.
320 _aБиблиогр. в подстроч. примеч.
333 _a6+
461 1 _1001RU\NLR\bibl\1773992
_12001#$aАктуальные проблемы предпринимательского права$vВып. 5
_0RU\NLR\bibl\1773992
_91600673
_cМосква
_d2011 [т.е. 2010]
_fКаф. предпринимат. права юрид. фак., МГУ им. М.В. Ломоносова
_nВолтерс Клувер
_o[сборник статей]
_tАктуальные проблемы предпринимательского права
_vВып. 5
517 1 _aПраво и экономика в современном мире (Актуальные проблемы предпринимательского права)
702 1 _aМолотников
_bА. Е.
_gАлександр Евгеньевич
_4340
942 _cBOOK
980 _aNBR